| 000 | 00473pab a2200169 454500 | ||
|---|---|---|---|
| 008 | 180718b2001 xxu||||| |||| 00| 0 eng d | ||
| 100 | _aGupta, Alok Kumar | ||
| 245 | _aBorder dispute between India and Bangladesh: strategic concerns and conflict resolution | ||
| 260 | _c2001 | ||
| 300 | _ap.7-12 | ||
| 362 | _aJun | ||
| 650 | _aIndia - Boundaries - Bangladesh | ||
| 650 | _aBorder disputes | ||
| 700 | _aChanda, Saswati | ||
| 773 | _aThird Concept | ||
| 909 | _a48880 | ||
| 999 |
_c48880 _d48880 |
||